000 01233cam a22003014a 4500
090 _c0
001 12954593
005 20030715183433.0
008 021002s2004 mauab 001 0 eng
010 _a 2002151069
020 _a0072509317 (pbk. : acidfree paper)
040 _aDLC
_cDLC
_dDLC
042 _apcc
050 0 0 _aGE105
_b.C865 2004
082 0 0 _a363.7
_221
_bCUN
100 1 _aCunningham, William P.
245 1 0 _aPrinciples of environmental science :
_binquiry and applications /
_cWilliam P. Cunningham, Mary Ann Cunningham.
250 _a4th ed.
260 _aBoston :
_bMcGraw-Hill Higher Education,
_cc2008.
300 _axvii, 424 p. :
_bill. (some col.), col. maps ;
_c28 cm.
500 _aIncludes index.
650 0 _aEnvironmental sciences.
700 1 _aCunningham, Mary Ann.
856 4 1 _3Table of contents
_uhttp://www.loc.gov/catdir/toc/mh031/2002151069.html
942 _2ddc
_cBB
999 _c10719
_d10719